000 00272nam a22001217a 4500
008 180129b xxu||||| |||| 00| 0 eng d
041 _aeng
080 _a616
100 _a9
101 _apat
245 _aa a textbook of oral pathology
_cshaper.n.l
942 _2udc
_cBK
999 _c41132
_d41132